000 00896cam a2200265u 4500
999 _c18007
_d18007
001 6558593
003 BDDh-ASL
005 20231015025653.0
008 850624t1960 xx 000 0 eng
010 _a 61004825
040 _aDLC
_cCarP
_dBDDh-ASL
043 _aa-cc---
_aa-cc-ti
_aa-ii---
050 0 0 _aDS450.C5
_bJ3
082 _a327.51054
_bJAP
100 1 _aJain, Girilal,
_d1924-1993.
245 1 0 _aPanchsheela and after:
_ba re-appraisal of Sino-Indian relations in the context of the Tibetan insurrection/
_cGirlal Jain.
260 _aLondon:
_bAsia Pub. House,
_c c1960.
300 _a233 p.:
_c23 cm.
500 _aIncludes index.
651 0 _aIndia
_xForeign relations
_zChina.
651 0 _aChina
_xForeign relations
_zIndia.
651 0 _aTibet Autonomous Region (China)
_xPolitics and government.
906 _a0
_bcbc
_cpremunv
_du
_encip
_f19
_gy-gencatlg
942 _2ddc
_cBK